| 000 | 00604cam a22001934a 4500 | ||
|---|---|---|---|
| 001 | 13226634 | ||
| 005 | 20250619135954.0 | ||
| 008 | 030606s2003 miu b 101 0 eng | ||
| 020 | _a0801026539 | ||
| 050 | 0 | 0 |
_aBR1640 _b.R44 2003 |
| 082 | 0 | 0 |
_a262 _221 |
| 245 | 1 | 0 |
_aEvangelical ecclesiology : _breality or illusion? / _cJohn G. Stackhouse, Jr., editor. |
| 260 |
_aGrand Rapids, Mich. : _bBaker Academic, _cc2003. |
||
| 300 |
_a232 p. ; _c23 cm. |
||
| 650 | 0 |
_aChurch _vCongresses. |
|
| 650 | 0 |
_aEvangelicalism _vCongresses. |
|
| 700 | 1 |
_aStackhouse, John G. _q(John Gordon), _d1960- |
|
| 942 |
_2lcc _cBK _n0 |
||
| 999 |
_c6599 _d6599 |
||